Statistiken für Länder, die einen Buchstaben enthalten - Y oder Z

Klicken Sie hier um das Quiz zu spielen!

Allgemein

  • Dieses Quiz wurde 498 mal gespielt
  • Das Durchschnittsergebnis liegt bei 9 aus 17

Antwortstatistiken

HinweisLand% Korrekt
1 x YZypern
92%
1 x ZZypern
92%
1 x ZZentralafrikanische Republik
70%
1 x YLibyen
62%
1 x YMyanmar
59%
1 x YMalaysia
55%
1 x YSyrien
53%
1 x YUruguay
51%
1 x YParaguay
50%
1 x YGuyana
48%
1 x YSeychellen
43%
1 x YÄgypten
42%
1 x ZNordmazedonien
40%
1 x ZBelize
35%
1 x ZSchweiz
35%
1 x ZVenezuela
33%
1 x ZBosnien und Herzegowina
25%

Verteilung der Resultate

Perzentil nach korrekt beantworteten Fragen

Anzahl Personen mit jedem Resultat

Ihre Resultats-Entwicklung

Sie haben dieses Quiz noch nicht gespielt